| 000 -LEADER |
| fixed length control field |
00579pab a2200205 454500 |
| 008 - FIXED-LENGTH DATA ELEMENTS--GENERAL INFORMATION |
| fixed length control field |
180718b2017 xxu||||| |||| 00| 0 eng d |
| 100 ## - MAIN ENTRY--PERSONAL NAME |
| Personal name |
Bloom, Pazit Ben-Nun |
| 245 ## - TITLE STATEMENT |
| Title |
Does exposure to other cultures affect the impact of economic globalization on gender equality? |
| 260 ## - PUBLICATION, DISTRIBUTION, ETC. |
| Date of publication, distribution, etc. |
2017 |
| 300 ## - PHYSICAL DESCRIPTION |
| Extent |
p.378-395. |
| 362 ## - DATES OF PUBLICATION AND/OR SEQUENTIAL DESIGNATION |
| Dates of publication and/or sequential designation |
Jun |
| 650 ## - SUBJECT ADDED ENTRY--TOPICAL TERM |
| Topical term or geographic name entry element |
Culture |
| 650 ## - SUBJECT ADDED ENTRY--TOPICAL TERM |
| Topical term or geographic name entry element |
Democracy |
| 650 ## - SUBJECT ADDED ENTRY--TOPICAL TERM |
| Topical term or geographic name entry element |
Women |
| 650 ## - SUBJECT ADDED ENTRY--TOPICAL TERM |
| Topical term or geographic name entry element |
Economic globalization |
| 700 ## - ADDED ENTRY--PERSONAL NAME |
| Personal name |
Freedman, Michael |
| 700 ## - ADDED ENTRY--PERSONAL NAME |
| Personal name |
Gilad, Sharon |
| 773 ## - HOST ITEM ENTRY |
| Main entry heading |
International Political Science Review |
| 909 ## - |
| -- |
115563 |